| 000 | 00289 a2200085 4500 | ||
|---|---|---|---|
| 100 | 1 |
_aOstrowski, P.. _eAutor |
|
| 245 | 0 |
_aWyniki badań stopy błędów w łączach telegraficznych / _cOstrowski P.. |
|
| 710 | 2 |
_aInstytut Łączności. _eWydawca _4pbl |
|
| 260 |
_aWarszawa : _bIŁ, _c1970. |
||
| 300 |
_aIV,48 s.; _c24 cm. |
||
| 999 |
_c16344 _d16344 |
||